| Tag |
First Indicator |
Second Indicator |
Subfields |
| LEADER |
00000cam a2200000 a 4500 |
| 001 |
in00000015657 |
| 005 |
20230630111056.0 |
| 008 |
870501s1984 np ab b 000 0 eng |
| 010 |
|
|
|a 87900513
|
| 019 |
|
|
|a 16925795
|
| 024 |
8 |
|
|a ZBWT00149888
|
| 025 |
|
|
|a N E 4793
|
| 035 |
|
|
|a (OCoLC)ocm18324085
|
| 035 |
|
|
|a (OCoLC)18324085
|z (OCoLC)16925795
|
| 035 |
|
|
|a (OCoLC)ocm18324085
|
| 040 |
|
|
|a DLC
|b eng
|c DLC
|d BTCTA
|d AGL
|d TXA
|d GBVCP
|d OCLCO
|d OCLCF
|d OCLCQ
|d OCLCO
|d OCLCQ
|d OCLCA
|d OCLCO
|
| 043 |
|
|
|a a-np---
|
| 050 |
0 |
|
|a TC513.N4
|b T48 1984
|
| 070 |
0 |
|
|a TC513.N42T5
|
| 072 |
|
0 |
|a P200
|
| 100 |
1 |
|
|a Thapa, A. B.
|
| 245 |
1 |
0 |
|a Nepal's water resources :
|b an overview of power, irrigation, and inland navigation in Nepal /
|c A.B. Thapa.
|
| 260 |
|
|
|a Kathmandu :
|b Laxmi Thapa,
|c 1984.
|
| 300 |
|
|
|a 113, [ix] pages :
|b illustrations, maps ;
|c 23 cm
|
| 336 |
|
|
|a text
|b txt
|2 rdacontent
|
| 337 |
|
|
|a unmediated
|b n
|2 rdamedia
|
| 338 |
|
|
|a volume
|b nc
|2 rdacarrier
|
| 504 |
|
|
|a Includes bibliographical references (page ix).
|
| 650 |
|
0 |
|a Water resources development
|z Nepal.
|
| 650 |
|
0 |
|a Water-supply
|z Nepal.
|
| 650 |
|
0 |
|a Inland navigation
|z Nepal.
|
| 650 |
|
6 |
|a Ressources en eau
|x Exploitation
|z Népal.
|
| 650 |
|
6 |
|a Eau
|x Approvisionnement
|z Népal.
|
| 650 |
|
6 |
|a Navigation intérieure
|z Népal.
|
| 650 |
|
7 |
|a Inland navigation.
|2 fast
|0 (OCoLC)fst00973596
|
| 650 |
|
7 |
|a Water resources development.
|2 fast
|0 (OCoLC)fst01171955
|
| 650 |
|
7 |
|a Water-supply.
|2 fast
|0 (OCoLC)fst01172350
|
| 651 |
|
7 |
|a Nepal.
|2 fast
|0 (OCoLC)fst01206102
|
| 648 |
|
4 |
|a 1981-2010.
|
| 938 |
|
|
|a Baker and Taylor
|b BTCP
|n 87900513
|
| 948 |
|
|
|h NO HOLDINGS IN TXA - 10 OTHER HOLDINGS
|
| 994 |
|
|
|a Z0
|b TXA
|
| 999 |
f |
f |
|s d77e95cc-bcf4-3ec0-a596-324d94662d1e
|i c21ec8cf-77e1-3585-b162-aab2fd9a8171
|t 0
|
| 952 |
f |
f |
|p ric
|a Texas A&M University
|b Rellis Campus
|c Joint Library Facility
|s JLF
|d Remote Storage
|t 0
|e TC513.N46 T52 1984
|h Library of Congress classification
|i unmediated -- volume
|m A14811055293
|